大阪府の市町村人口ランキング - Statistics

General Stats
  • This quiz has been taken 56 times
  • The average score is 10 of 43
Answer Stats
Hint Answer % Correct
大阪市 1,323,456
100%
堺市 395,818
93%
豊中市 194,262
29%
東大阪市 234,524
29%
南河内郡 千早赤阪村 2,357
29%
岸和田市 91,564
26%
吹田市 181,081
21%
高槻市 167,173
21%
茨木市 137,022
21%
阪南市 24,948
21%
三島郡 島本町 15,108
21%
豊能郡 豊能町 8,975
21%
泉南郡 岬町 7,069
21%
池田市 49,400
19%
枚方市 190,614
19%
八尾市 125,860
19%
寝屋川市 110,641
19%
豊能郡 能勢町 4,598
19%
泉北郡 忠岡町 8,120
19%
泉南郡 熊取町 20,868
19%
泉南郡 田尻町 4,184
19%
泉大津市 35,273
17%
富田林市 51,442
17%
河内長野市 47,953
17%
大東市 57,654
17%
和泉市 89,271
17%
箕面市 66,492
17%
柏原市 32,547
17%
門真市 58,623
17%
摂津市 42,915
17%
泉南市 29,099
17%
四條畷市 26,834
17%
交野市 37,321
17%
南河内郡 太子町 6,427
17%
南河内郡 河南町 7,402
17%
貝塚市 40,529
14%
守口市 69,230
14%
泉佐野市 47,425
14%
羽曳野市 52,059
14%
高石市 27,243
14%
藤井寺市 30,190
14%
大阪狭山市 27,566
14%
松原市 56,715
10%
No matching quizzes found
Score Distribution
Percent of People with Each Score
Percentile by Number Answered
Your Score History
You have not taken this quiz